F1 2026 Alle Teams Bilderquiz - Statistiken

Allgemein
  • Dieses Quiz wurde 94 mal gespielt
  • Das Durchschnittsergebnis liegt bei 10 aus 11
Antwortstatistiken
Bildquiz Antwort % Korrekt
Audi
100%
Ferrari
100%
Red Bull
100%
McLaren
98%
Mercedes
97%
Aston Martin
92%
Haas
91%
Williams
90%
Alpine
89%
Cadillac
87%
Racing Bulls
73%
Keine übereinstimmenden Quizze gefunden
Verteilung der Resultate
Anzahl Personen mit jedem Resultat
Perzentil nach korrekt beantworteten Fragen
Ihre Resultats-Entwicklung
Sie haben dieses Quiz noch nicht gespielt